| Tag |
First Indicator |
Second Indicator |
Subfields |
| LEADER |
00000cam a22000007i 4500 |
| 001 |
in00005772004 |
| 005 |
20260327174723.5 |
| 006 |
m o d |
| 007 |
cr cnu---unuuu |
| 008 |
230805s2023 mau ob 001 0 eng d |
| 040 |
|
|
|a YDX
|b eng
|e rda
|c YDX
|d UKMGB
|d OPELS
|d OCLCO
|d UKAHL
|d YDX
|d N$T
|d OCLCL
|d SFB
|d OCLCO
|
| 015 |
|
|
|a GBC3B1129
|2 bnb
|
| 016 |
7 |
|
|a 021089766
|2 Uk
|
| 020 |
|
|
|a 9780323958356
|q (electronic bk.)
|
| 020 |
|
|
|a 0323958354
|q (electronic bk.)
|
| 020 |
|
|
|z 9780323953764
|
| 020 |
|
|
|z 032395376X
|
| 035 |
|
|
|a (OCoLC)1392163207
|
| 037 |
|
|
|a 9780323958356
|b Ingram Content Group
|
| 050 |
|
4 |
|a R856
|b .B56 2023
|
| 082 |
0 |
4 |
|a 610.28
|2 23
|
| 049 |
|
|
|a TXAM
|
| 245 |
0 |
0 |
|a Bioengineered nanomaterials for wound healing and infection control /
|c edited by Hamed Barabadi [and 3 others].
|
| 264 |
|
1 |
|a Cambridge, MA :
|b Woodhead Publishing,
|c [2023]
|
| 300 |
|
|
|a 1 online resource.
|
| 336 |
|
|
|a text
|b txt
|2 rdacontent
|
| 337 |
|
|
|a computer
|b c
|2 rdamedia
|
| 338 |
|
|
|a online resource
|b cr
|2 rdacarrier
|
| 490 |
0 |
|
|a Woodhead Publishing series in biomaterials
|
| 504 |
|
|
|a Includes bibliographical references and index.
|
| 588 |
|
|
|a Description based on online resource; title from digital title page (viewed on February 28, 2024).
|
| 520 |
|
|
|a Bioengineered Nanomaterials for Wound Healing and Infection Control is a key reference for those working in the fields of materials science, pharmacy, nanotechnology, biomedical engineering and microbiology. Bioengineered nanomaterials have unique physicochemical properties which promote accelerated wound healing and treatment of infections. The biosynthesis of these nanomaterials also offers a clean, safe and renewable alternative to traditional nanomaterials, helping reduce environmental impact alongside antibacterial resistance.
|
| 650 |
|
0 |
|a Biomedical engineering
|x Materials.
|
| 650 |
|
0 |
|a Nanostructured materials
|x Health aspects.
|
| 650 |
|
0 |
|a Anti-infective agents.
|
| 650 |
|
2 |
|a Anti-Infective Agents
|
| 650 |
|
2 |
|a Nanostructures
|
| 650 |
|
6 |
|a Génie biomédical
|x Matériaux.
|
| 650 |
|
6 |
|a Antiinfectieux.
|
| 655 |
|
7 |
|a Electronic books.
|2 local
|
| 700 |
1 |
|
|a Barabadi, Hamed,
|e editor.
|
| 710 |
2 |
|
|a ScienceDirect (Online service)
|
| 776 |
0 |
8 |
|i Print version:
|z 9780323958356
|
| 776 |
0 |
8 |
|i Print version:
|z 032395376X
|z 9780323953764
|w (OCoLC)1360306253
|
| 856 |
4 |
0 |
|u http://proxy.library.tamu.edu/login?url=https://www.sciencedirect.com/science/book/9780323953764
|z Connect to the full text of this electronic book
|t 0
|
| 955 |
|
|
|a Elsevier ScienceDirect 2026-2027
|
| 994 |
|
|
|a 92
|b TXA
|
| 999 |
f |
f |
|i b8bd257e-8375-4449-a5c9-6ab62d3e4a12
|s 37ee3a7b-7b59-4efc-aa3f-db48c16e5ca4
|t 0
|
| 952 |
f |
f |
|a Texas A&M University
|b College Station
|c Electronic Resources
|s www_evans
|d Available Online
|t 0
|e R856 .B56 2023
|h Library of Congress classification
|
| 998 |
f |
f |
|a R856 .B56 2023
|t 0
|l Available Online
|